|
|
|
|
| LEADER |
00000nab#a22000007a#4500 |
| 001 |
arbauad001730 |
| 003 |
AR-BaUAD |
| 005 |
20250711110448.0 |
| 008 |
930727|||||||||###||||||b###|0###a|spa|| |
| 040 |
|
|
|a AR-BaUAD
|c AR-BaUAD
|b spa
|
| 100 |
|
|
|a Gregori, Maria Grazia
|
| 245 |
|
|
|a Biennale di Venezia :
|b è il momento dell'autore /
|c Maria Grazia Gregori;
|
| 300 |
0 |
|
|b fot.
|
| 653 |
|
|
|a EXPOSICIONES
|
| 653 |
|
|
|a TEATRO
|
| 653 |
|
|
|a ITALIA
|
| 653 |
|
|
|a DRAMATURGOS
|
| 773 |
0 |
|
|t Vogue Italia
|g no. 418 [ene. 1985], p. 298-299
|
| 942 |
|
|
|c ARTI
|
| 952 |
|
|
|0 0
|1 0
|4 0
|7 0
|9 46650
|a AR-BAuAD
|b AR-BAuAD
|d 2025-07-11
|l 0
|p AAQA001730
|r 2025-07-11 11:04:48
|w 2025-07-11
|y ARTI
|
| 990 |
|
|
|a C198
|b TD
|
| 998 |
|
|
|a AAQ
|b BIBUN76
|
| 999 |
|
|
|c 26323
|d 26323
|